000
00320 a2200133 4500
000
nam a22 7a 4500
100
_a
Sanjay Joshi
110
_a
Sanjay Joshi
245
_a
Encyclopaedia of Yoga for Common Diseases
250
_a
latest edition
260
_b
Oxford
_c
2025
264
_b
Oxford
_c
2025
942
_c
BK
999
_c
396237
_d
396237